ARRUPE JESUIT UNIVERSITY

CORONAVIRUS -STOP THE SPREAD - CLEAN,DISINFECT,COVER

Starting Afresh From Christ (Record no. 119260)

MARC details
000 -LEADER
fixed length control field 00530nam a22001337a 4500
008 - FIXED-LENGTH DATA ELEMENTS--GENERAL INFORMATION
fixed length control field 131213b xxu||||| |||| 00| 0 eng d
050 ## - LIBRARY OF CONGRESS CALL NUMBER
Classification number BX2435.C749 2002
100 ## - MAIN ENTRY--PERSONAL NAME
Personal name Congregation for Institutes of Consecrated Life
9 (RLIN) 5700
245 ## - TITLE STATEMENT
Title Starting Afresh From Christ
Remainder of title A Renewed Commitment to Consecrated Life in the Third Millennium
Statement of responsibility, etc Congregation for Institutes of Consecrated Life
260 ## - PUBLICATION, DISTRIBUTION, ETC. (IMPRINT)
Place of publication, distribution, etc Nairobi
Name of publisher, distributor, etc Paulines Publications Africa
Date of publication, distribution, etc 2002
300 ## - PHYSICAL DESCRIPTION
Extent 56p. ;
Dimensions 21cm.
650 ## - SUBJECT ADDED ENTRY--TOPICAL TERM
Topical term or geographic name as entry element Religious life
9 (RLIN) 5701
942 ## - ADDED ENTRY ELEMENTS (KOHA)
Source of classification or shelving scheme Library of Congress Classification
Item type Monograph ( Printed materials)
Holdings
Withdrawn status Lost status Source of classification or shelving scheme Damaged status Not for loan Home library Current library Date acquired Total Checkouts Full call number Barcode Date last seen Price effective from Koha item type
    Library of Congress Classification     ARRUPE LIBRARY ARRUPE LIBRARY 13/12/2013   BX2435.C749 2002 46411371 22/11/2017 13/12/2013 Monograph ( Printed materials)
    Library of Congress Classification     ARRUPE LIBRARY ARRUPE LIBRARY 13/12/2013   BX2435.C749 2002 46410880 22/11/2017 13/12/2013 Monograph ( Printed materials)

 

Arrupe Library. PO Box MP320 Mt Pleasant, Harare, Zimbabwe
263 242 745411|librarian@aju.ac.zw